000 01059nam0a22002891 4500
001 RU\INFOCOMM_318\NLR\5000067456
005 20250613104409.0
035 _a(NLR Aleph) 009503011
090 _a8717722
_c8717722
100 _a20121120d1975 |||y0rusy50 ca
101 0 _acze
102 _aRU
105 _ay z |||||
200 1 _aSvětová socialistická soustava-veliká internacionální síla
_fL. Jagodovskij
210 _aM.
_cNakl-ví Tiskové agentury "Novosti"
_d1975
215 _a48 с.
_d16 см
300 _aНа обл. авт. не указан
300 _aНа обороте тит. л.: Л. Ягодовский. Мировая социалистическая система - Великая интернациональная сила
620 _aМосква
686 _aТ3(0)637
_2rubbk
700 1 _9z01790
_aJagodovskij
_bL. S.
_gLeonid Sergeevič
790 1 _9z01700
_aJagodovskij
_bL.
_4070
801 1 _aRU
_bNLR
_c20121120
801 0 _aRU
_bINFOCOMM
_gPSBO
852 _aNLR
_jСл Чеш-1/1391
942 _cBOOK
980 _aNB